000 02781nam a2200313 i 4500
001 16409
003 DO-SdUEMH
005 20260211213039.0
007 ta
008 211105s2010||||dr a|||gr|||| 0|| | spa d
020 _a9789945443622 (serie)
020 _a9789945443639 (v. 159)
040 _aDO-SdUEMH
_bspa
_erda
041 _aspa
082 1 4 _aRD383.47293 B213E 2010
_mRD
084 _b18-00038
110 _aRepública Dominicana: Banco Central
245 0 _aExposiciones Temporales en el Museo Numismático y Filatélico
260 _c2010
264 1 _aSanto Domingo, República Dominicana :
_bBanco Central,
_c2010
264 4 _c©2010
300 _a399 páginas :
_bilustraciones ;
_c22 cm.
336 _2rdacontent
_atexto
_btxt
337 _2rdamedia
_asin mediación
_bn
338 _2rdacarrier
_avolumen
_bnc
505 2 _aVeinte años del Museo Numismático y Filatélico -- Palabras de bienvenida -- Veinte años de historia numismática en el Banco Central -- Sinopsis Histórica -- Contenido de la Exposición -- Los Padres de la Patria y la Independencia Nacional -- Presentación -- Introducción -- Perfiles Biográficos -- Mujeres en la Independencia Nacional -- Cronología de gobiernos y gobernantes de la República Dominicana 1844-1848 -- Contenido de la Exposición -- Exvotos, Promesas y Milagros del Santuario de Higüey -- Palabras de apertura -- Presentación -- Introducción -- Contenido de la Exposición de “Exvotos” -- Deportes y Filatelia -- Presentación -- Introducción -- Los Sellos Deportivos -- El Coleccionismo Filatélico -- Contenido de la exposición -- Mujeres de la Independencia -- Palabras de apertura -- Introducción -- Presentación -- Mujeres de la Independencia -- Monedas del Imperio Romano -- Presentación -- Introducción -- Contenido de la Exposición -- Bibliografía -- Juan Pablo Duarte y la Independencia Nacional. Monedas, billetes, medallas y tarjetas -- Presentación -- Introducción -- Monedas -- Billetes -- Juan Pablo Duarte en España -- Notas sobre tapices -- Fichas de la República Dominicana -- Presentación -- Introducción. Las fichas en la República Dominicana -- Contenido de la exposición -- La Independencia Nacional y Centroamérica -- Presentación -- Introducción -- Contenido de la exposición -- Bibliografía -- Medio Ambiente y Filatelia Dominicana -- Presentación -- Introducción -- Contenido de la exposición -- Obras consultadas -- Monumentos de la República Dominicana -- Presentación -- Introducción -- Contenido de la exposición -- Bibliografía -- Monedas Conmemorativas XXV Aniversario Museo Numismático y Filatélico -- Presentación -- Introducción -- Contenido de la exposición -- Sinopsis histórica del museo.
942 _2ddc
_cBK
_n0
999 _c16409
_d16409